Most Populated Cities in WA - Sudden Death - Statistics

General Stats
  • This quiz has been taken 53 times
  • The average score is 7 of 25
Answers on the Grid
Answers color-coded by a green-red scale on the quiz's grid according to % correct below.
Auburn
Bainbridge Island
Bellevue
Bellingham
Bonney Lake
Bothell
Bremerton
Burien
Camas
Des Moines
Edmonds
Everett
Federal Way
Issaquah
Kenmore
Kennewick
Kent
Kirkland
Lacey
Lake Stevens
Lakewood
Longview
Lynnwood
Maple Valley
Marysville
Mercer Island
Moses Lake
Mount Vernon
Oak Harbor
Olympia
Pasco
Pullman
Puyallup
Redmond
Renton
Richland
Sammamish
SeaTac
Seattle
Shoreline
Spokane
Spokane Valley
Tacoma
Tukwila
Tumwater
University Place
Vancouver
Walla Walla
Wenatchee
Yakima
 
Answer Stats
Answer % Correct
Bellevue
65%
Seattle
60%
Tacoma
60%
Spokane
50%
Auburn
40%
Kent
40%
Everett
35%
Federal Way
35%
Olympia
35%
Spokane Valley
35%
Vancouver
35%
Bellingham
30%
Kirkland
30%
Redmond
30%
Yakima
30%
Renton
25%
Kennewick
15%
Lakewood
15%
Pasco
15%
Richland
15%
Marysville
10%
Burien
5%
Sammamish
5%
Shoreline
5%
Lacey
0%
No matching quizzes found
Score Distribution
Percent of People with Each Score
Percentile by Number Answered
Your Score History
You have not taken this quiz